L'abbandono /

Guardado en:
Detalles Bibliográficos
Autor principal: Tondelli, Pier Vittorio (Autor)
Formato: Libro
Lenguaje:italiano
Publicado: \Milano! : Bompiani, 1998
Colección:I grandi tascabili ; 578
Etiquetas: Agregar Etiqueta
Sin Etiquetas, Sea el primero en etiquetar este registro!

MARC

LEADER 00000nam a2200000 i 4500
001 IT\ICCU\REA\0042370
003 ItRI
005 20241230172744.0
008 980604s1998 it |||||| ||||| |||||c
015 |2 IT  |a 98-10974 
020 |a 8845236668 
040 |b ita  |c ARCIGAY RIMINI 
041 7 |a ita  |2 ISO-639-2 
082 |a 858.91409  |2 20 
100 1 |a Tondelli, Pier Vittorio  |0 IT\ICCU\CFIV\016813  |4 aut 
245 1 2 |a L'abbandono /  |c Pier Vittorio Tondelli. 
260 |a \Milano! :  |b Bompiani,  |c 1998 
300 |a 331 p. ;  |c 20 cm. 
830 2 |a I grandi tascabili ;  |v 578  |0 IT\ICCU\BVE\0034457 
942 |2 ddc  |c BK 
952 |0 0  |1 0  |2 ddc  |4 0  |6 858_914000000000000_TON_ABB  |7 1  |9 2553  |a RN  |b RN  |d 2024-12-30  |l 0  |o 858.914 TON ABB  |p 9997  |r 2024-12-30 17:28:17  |w 2024-12-30  |y BK 
981 1 |6 z01  |a i   |b xxxe  
982 1 |6 z01  |a n 
999 |c 2217  |d 2217